[Event "Carballo Concello 6th"]
[Site "Carballo"]
[Date "2023.09.01"]
[Round "9"]
[White "Petkov, Vladimir"]
[Black "Sixto Puente, Eloy"]
[Result "1-0"]
[WhiteElo "2464"]
[BlackElo "2107"]
[PlyCount "63"]
[EventDate "2023.08.25"]
[EventType "swiss"]
[EventRounds "9"]
[EventCountry "ESP"]
[SourceTitle "EXT 2024"]
[Source "ChessBase"]
[SourceDate "2023.10.10"]
[SourceVersion "1"]
[SourceVersionDate "2023.10.10"]
[SourceQuality "1"]

1. d4 d5 2. c4 c6 3. Nf3 Nf6 4. Qc2 dxc4 5. Qxc4 Bf5 6. g3 e6 7. Bg2 Nbd7 8. 0-0 Be7 9. Nc3 Ne4 10. Qb3 Qb6 11. Nh4 Nxc3 12. bxc3 Bg4 13. e4 0-0 14. Nf3 Rfe8 15. Be3 Bh5 16. Nd2 Qxb3 17. axb3 a6 18. Nc4 f6 19. Na5 Rab8 20. Bh3 Bd8 21. Bf4 Bxa5 22. Rxa5 Bf3 23. Bxb8 Nxb8 24. Re1 g5 25. Re3 g4 26. Bg2 Bxg2 27. Kxg2 Kf7 28. Rh5 Kg6 29. Rh4 h5 30. f3 gxf3+ 31. Rxf3 Nd7 32. g4 1-0

[Event "Sada Coruna op"]
[Site "Sada"]
[Date "2022.09.09"]
[Round "7"]
[White "Petkov, Vladimir"]
[Black "Sixto Puente, Eloy"]
[Result "1-0"]
[WhiteElo "2451"]
[BlackElo "2065"]
[PlyCount "175"]
[EventDate "2022.09.04"]
[EventType "swiss"]
[EventRounds "9"]
[EventCountry "ESP"]
[SourceTitle "CBM 210 Extra"]
[Source "ChessBase"]
[SourceDate "2022.11.30"]
[SourceVersion "1"]
[SourceVersionDate "2022.11.30"]
[SourceQuality "1"]

1. d4 d5 2. c4 c6 3. Nf3 Nf6 4. Nc3 e6 5. Qd3 dxc4 6. Qxc4 b5 7. Qd3 a6 8. g4 c5 9. g5 c4 10. Qe3 Nd5 11. Nxd5 Qxd5 12. Bg2 Bb7 13. h4 Be7 14. b3 cxb3 15. axb3 Nc6 16. 0-0 Nb4 17. Ne1 Qd7 18. Bd2 Bxg2 19. Kxg2 0-0 20. Bxb4 Bxb4 21. Nf3 a5 22. Qe4 Bd6 23. Rfd1 Rfe8 24. h5 a4 25. bxa4 bxa4 26. Rdb1 Rab8 27. h6 g6 28. Ne5 Qe7 29. f4 Rxb1 30. Rxb1 Bxe5 31. Qxe5 Qf8 32. Rb5 Ra8 33. Ra5 a3 34. e4 Rxa5 35. Qxa5 Qd6 36. Qa8+ Qf8 37. Qb7 Qd8 38. Qa6 Qf8 39. Kf3 Qb4 40. Qc8+ Qf8 41. Qb7 Qd6 42. Ke3 Kf8 43. e5 Qe7 44. Qa8+ Qe8 45. Qxa3+ Kg8 46. Qa6 Qb8 47. Qa4 Qc8 48. Kd3 Qd8 49. Qc6 Qb8 50. Kc4 Qd8 51. Qb7 Qe8 52. Kc5 Kf8 53. Qb6 Kg8 54. Qc7 Qa8 55. Kb4 Qf8+ 56. Qc5 Qb8+ 57. Kc3 Qa8 58. Qb6 Kf8 59. Qc5+ Kg8 60. Qb4 Qf3+ 61. Kb2 Qa8 62. d5 exd5 63. Qb6 d4 64. Qf6 Qb7+ 65. Ka3 Qa7+ 66. Kb4 Qb7+ 67. Kc4 Qc7+ 68. Kxd4 Qd7+ 69. Kc3 Qc7+ 70. Kd3 Qd7+ 71. Kc3 Qc7+ 72. Kb4 Qb7+ 73. Kc5 Qa7+ 74. Qb6 Qe7+ 75. Kc4 Qe8 76. Qa6 Qb8 77. Qc6 Qf8 78. Qd7 Qa8 79. Kc5 Qa3+ 80. Kb6 Qb4+ 81. Qb5 Qf8 82. Kc7 Qe7+ 83. Qd7 Qc5+ 84. Kd8 Qb6+ 85. Qc7 Qe6 86. Qb8 f6 87. gxf6 Qd5+ 88. Ke7+ 1-0

[Event "Sada Coruna op"]
[Site "Sada"]
[Date "2022.09.05"]
[Round "3"]
[White "Espejo Montagut, Jose Maria"]
[Black "Sixto Puente, Eloy"]
[Result "0-1"]
[WhiteElo "1690"]
[BlackElo "2065"]
[PlyCount "76"]
[EventDate "2022.09.04"]
[EventType "swiss"]
[EventRounds "9"]
[EventCountry "ESP"]
[SourceTitle "CBM 210 Extra"]
[Source "ChessBase"]
[SourceDate "2022.11.30"]
[SourceVersion "1"]
[SourceVersionDate "2022.11.30"]
[SourceQuality "1"]

1. d4 Nf6 2. c4 c5 3. d5 b5 4. b3 g6 5. Bb2 Bg7 6. Qc2 0-0 7. e4 bxc4 8. bxc4 e6 9. Bd3 Qb6 10. Ne2 Na6 11. a3 Rb8 12. Ra2 Re8 13. 0-0 exd5 14. exd5 Qb3 15. Nbc3 d6 16. Qxb3 Rxb3 17. Nc1 Rxb2 18. Rxb2 Nxd5 19. cxd5 Bxc3 20. Rc2 Bf6 21. Ne2 Nc7 22. Bc4 Bf5 23. Rd2 Na8 24. Bb5 Rb8 25. Bc6 Nb6 26. Ng3 Nc4 27. Ra2 Bb1 28. Re2 Bd3 29. Ra2 Bxf1 30. Kxf1 Bd4 31. Ne4 h6 32. g3 f5 33. Nd2 Nb2 34. Ke2 Bf6 35. Nf1 c4 36. Kd2 c3+ 37. Kc2 Nc4 38. a4 Rb2+ 0-1

[Event "Pontevedra op-A 10th"]
[Site "Pontevedra"]
[Date "2022.07.30"]
[Round "9"]
[White "Sixto Puente, Eloy"]
[Black "Sanroman Costas, Mauro"]
[Result "1/2-1/2"]
[WhiteElo "2071"]
[BlackElo "1934"]
[PlyCount "102"]
[EventDate "2022.07.24"]
[EventType "swiss"]
[EventRounds "9"]
[EventCountry "ESP"]
[SourceTitle "EXT 2023"]
[Source "ChessBase"]
[SourceDate "2022.10.05"]
[SourceVersion "1"]
[SourceVersionDate "2022.10.05"]
[SourceQuality "1"]

1. e4 c6 2. Nf3 d5 3. d3 Bg4 4. h3 Bxf3 5. Qxf3 e6 6. g3 g6 7. h4 Bg7 8. h5 Nd7 9. h6 Bf6 10. Bg2 Ne7 11. 0-0 0-0 12. Re1 Bh8 13. Nc3 d4 14. Nb1 c5 15. Bg5 Qe8 16. Na3 Nc6 17. Nb5 Qb8 18. a4 a6 19. Na3 f6 20. Bh3 Re8 21. Bf4 Nde5 22. Qe2 b5 23. b3 Qb6 24. Bd2 b4 25. Nc4 Nxc4 26. bxc4 Ra7 27. Bf4 e5 28. Bd2 Nd8 29. Kg2 Nf7 30. Rh1 Kf8 31. Raf1 Ke7 32. f4 Kd8 33. fxe5 Nxe5 34. Rf2 Qc6 35. Ra1 a5 36. Kg1 Rae7 37. Bf4 Rf7 38. Raf1 Rfe7 39. Ra1 Kc7 40. Bg2 Rb8 41. Rff1 Kb6 42. Bh3 Ka7 43. Rf2 Ka8 44. Bg2 Ka7 45. g4 g5 46. Bxe5 Rxe5 47. Rf5 Rbe8 48. Qf3 R8e6 49. Rxe5 Rxe5 50. Bh3 Qe8 51. Bg2 Kb6 1/2-1/2

[Event "Pontevedra op-A 10th"]
[Site "Pontevedra"]
[Date "2022.07.27"]
[Round "5"]
[White "Sixto Puente, Eloy"]
[Black "Antonano Fedz Quincoces, Avelino"]
[Result "0-1"]
[WhiteElo "2071"]
[BlackElo "1981"]
[PlyCount "88"]
[EventDate "2022.07.24"]
[EventType "swiss"]
[EventRounds "9"]
[EventCountry "ESP"]
[SourceTitle "EXT 2023"]
[Source "ChessBase"]
[SourceDate "2022.10.05"]
[SourceVersion "1"]
[SourceVersionDate "2022.10.05"]
[SourceQuality "1"]

1. Nf3 c5 2. e4 g6 3. d4 cxd4 4. Nxd4 Nc6 5. Nc3 Bg7 6. Be3 Nf6 7. Bc4 0-0 8. Bb3 a5 9. 0-0 a4 10. Nxa4 Nxe4 11. Nb5 Ra6 12. c4 Na5 13. Rc1 Nxb3 14. axb3 Nd6 15. Nxd6 Rxd6 16. Qe2 Rc6 17. b4 d5 18. Rfd1 d4 19. b5 Rd6 20. c5 Rd5 21. Nb6 Rxc5 22. Rxc5 Qxb6 23. Rdc1 Bf5 24. Bg5 e5 25. h3 Re8 26. g4 Bd7 27. Rd5 Qe6 28. Rdc5 e4 29. Rc7 h6 30. Bf4 g5 31. Bd2 d3 32. Qe3 Bxb2 33. Rb1 Be5 34. Rxb7 Qa2 35. Rd1 Qd5 36. Qa7 Bxb5 37. Re7 Rxe7 38. Qxe7 e3 39. Bxe3 Bc6 40. f3 Qxf3 41. Qd8+ Kg7 42. Rd2 Qxe3+ 43. Rf2 Bh2+ 44. Kf1 Qc1# 0-1

[Event "Ferrol op 32th"]
[Site "Ferrol"]
[Date "2017.07.21"]
[Round "6"]
[White "Sixto Puente, Eloy"]
[Black "Suarez Martinez, Javier"]
[Result "1-0"]
[WhiteElo "1998"]
[BlackElo "1765"]
[PlyCount "53"]
[EventDate "2017.07.16"]
[EventType "swiss"]
[EventRounds "9"]
[EventCountry "ESP"]
[SourceTitle "EXT 2024"]
[Source "ChessBase"]
[SourceDate "2023.10.10"]
[SourceVersion "1"]
[SourceVersionDate "2023.10.10"]
[SourceQuality "1"]

1. d4 Nf6 2. c4 g6 3. Nc3 Bg7 4. e4 d6 5. Nf3 0-0 6. Be2 e5 7. dxe5 dxe5 8. Qxd8 Rxd8 9. Bg5 Re8 10. Nd5 Nxd5 11. cxd5 c6 12. Bc4 cxd5 13. Bxd5 Na6 14. 0-0 Nc7 15. Bb3 Be6 16. Rfc1 Rac8 17. Ba4 b5 18. Bd1 f6 19. Be3 a6 20. Rc6 b4 21. Rac1 Red8 22. Bb6 Bh6 23. Ra1 Kf7 24. Rxc7+ Rxc7 25. Bxc7 Rc8 26. Ba5 Bxa2 27. Bxb4 1-0

[Event "Ferrol op 32th"]
[Site "Ferrol"]
[Date "2017.07.19"]
[Round "4"]
[White "Goday Otero, Victor Jose"]
[Black "Sixto Puente, Eloy"]
[Result "0-1"]
[WhiteElo "1790"]
[BlackElo "1998"]
[PlyCount "100"]
[EventDate "2017.07.16"]
[EventType "swiss"]
[EventRounds "9"]
[EventCountry "ESP"]
[SourceTitle "EXT 2024"]
[Source "ChessBase"]
[SourceDate "2023.10.10"]
[SourceVersion "1"]
[SourceVersionDate "2023.10.10"]
[SourceQuality "1"]

1. e4 c5 2. Nc3 g6 3. f4 Bg7 4. Nf3 Nc6 5. Bb5 Nd4 6. Bc4 d6 7. Nxd4 Bxd4 8. Ne2 Bg7 9. c3 Nf6 10. Ng3 h5 11. Qf3 h4 12. Ne2 h3 13. g3 Bd7 14. d3 b5 15. Bb3 Bc6 16. 0-0 Qb6 17. Be3 Qb7 18. Bc2 Rc8 19. a4 b4 20. g4 Rh4 21. g5 Ng4 22. Qg3 Nxe3 23. Qxh4 Nxc2 24. Rac1 Bxe4 25. Qxh3 Bg2 26. Qxg2 Qxg2+ 27. Kxg2 Ne3+ 28. Kg3 bxc3 29. Nxc3 Bxc3 30. bxc3 Nxf1+ 31. Rxf1 Rb8 32. h4 Rb3 33. Rc1 Ra3 34. Kg4 Rxa4 35. c4 Ra2 36. Rg1 a5 37. f5 Rd2 38. Rg3 a4 39. h5 gxh5+ 40. Kxh5 Rh2+ 41. Kg4 a3 42. d4 a2 43. Ra3 cxd4 44. Ra8+ Kd7 45. g6 fxg6 46. fxg6 d3 47. Kg3 d2 48. g7 d1Q 49. Rd8+ Kxd8 50. g8Q+ Kd7 0-1

[Event "Sanxenxo Carlos op 9th"]
[Site "Sanxenxo"]
[Date "2017.06.18"]
[Round "2"]
[White "Sixto Puente, Eloy"]
[Black "Portela Peleteiro, Alberto"]
[Result "0-1"]
[WhiteElo "1993"]
[BlackElo "2385"]
[PlyCount "80"]
[EventDate "2017.06.17"]
[EventType "swiss"]
[EventRounds "9"]
[EventCountry "ESP"]
[SourceTitle "CBM 179 Extra"]
[Source "ChessBase"]
[SourceDate "2017.08.23"]
[SourceVersion "1"]
[SourceVersionDate "2017.08.23"]
[SourceQuality "1"]

1. d4 d6 2. Nf3 f5 3. Nc3 Nf6 4. Bg5 g6 5. h4 h6 6. Bf4 Bg7 7. e3 0-0 8. Bd3 Ng4 9. Qe2 c6 10. 0-0-0 b5 11. h5 g5 12. Nxg5 hxg5 13. Bxg5 Bh6 14. Bxh6 Nxh6 15. Qf3 d5 16. Ne2 Rf6 17. Nf4 Kf7 18. Ng6 Qd6 19. Ne5+ Ke8 20. Qg3 Nd7 21. f4 Qe6 22. Kb1 Nxe5 23. dxe5 Rf8 24. Qf3 Rg8 25. Rh3 Kf7 26. Rg3 Rxg3 27. Qxg3 Bd7 28. Qf3 Rg8 29. Rh1 Kg7 30. Rh3 Kh8 31. a3 Rg4 32. Be2 Qg8 33. Rh2 a6 34. Qf2 Rg7 35. Qe1 Rxg2 36. Rxg2 Qxg2 37. e6 Bxe6 38. Qc3+ d4 39. Qxd4+ Kh7 40. Bd1 Qd5 0-1

[Event "Ferrol op 31th"]
[Site "Ferrol"]
[Date "2016.07.27"]
[Round "9"]
[White "Sixto Puente, Eloy"]
[Black "Varela Peteira, David"]
[Result "1-0"]
[WhiteElo "1878"]
[BlackElo "1647"]
[PlyCount "93"]
[EventDate "2016.07.18"]
[EventType "swiss"]
[EventRounds "9"]
[EventCountry "ESP"]
[SourceTitle "EXT 2024"]
[Source "ChessBase"]
[SourceDate "2023.10.10"]
[SourceVersion "1"]
[SourceVersionDate "2023.10.10"]
[SourceQuality "1"]

1. d4 d5 2. c4 e6 3. Nc3 c6 4. e4 dxe4 5. Nxe4 Bb4+ 6. Nc3 e5 7. a3 Bxc3+ 8. bxc3 Qa5 9. Bd2 Nf6 10. Bd3 0-0 11. Ne2 e4 12. Bc2 Bg4 13. 0-0 Qh5 14. Re1 Nbd7 15. h3 Be6 16. c5 Bc4 17. Ng3 Qxd1 18. Raxd1 b6 19. Nxe4 Bd5 20. Nxf6+ Nxf6 21. cxb6 axb6 22. a4 Ra6 23. Bg5 Rfa8 24. Re3 Ne8 25. Bf4 Be6 26. Be5 Rd8 27. Rb1 Nd6 28. Bxd6 Rxd6 29. Rb4 g6 30. Bd3 Ra5 31. Rxb6 Rxa4 32. Be4 Ra1+ 33. Kh2 Ra2 34. Kg3 Bd5 35. Bxd5 Rxd5 36. Rf3 Rg5+ 37. Kh2 c5 38. Rb5 Rd5 39. Rxc5 Rd7 40. d5 Rc2 41. c4 Kg7 42. Rc6 f5 43. d6 Rd2 44. c5 Rd5 45. Rc3 Kf6 46. Rc7 Rd8 47. Rxh7 1-0

[Event "Ferrol op 31th"]
[Site "Ferrol"]
[Date "2016.07.22"]
[Round "5"]
[White "Guerra Bastida, Diego"]
[Black "Sixto Puente, Eloy"]
[Result "1-0"]
[WhiteElo "2318"]
[BlackElo "1878"]
[PlyCount "75"]
[EventDate "2016.07.18"]
[EventType "swiss"]
[EventRounds "9"]
[EventCountry "ESP"]
[SourceTitle "EXT 2024"]
[Source "ChessBase"]
[SourceDate "2023.10.10"]
[SourceVersion "1"]
[SourceVersionDate "2023.10.10"]
[SourceQuality "1"]

1. e4 c5 2. Nf3 d6 3. c3 Nf6 4. Be2 Nc6 5. d4 cxd4 6. cxd4 Nxe4 7. d5 Qa5+ 8. Nc3 Nxc3 9. bxc3 Ne5 10. Nxe5 dxe5 11. Rb1 a6 12. 0-0 e6 13. Bf3 exd5 14. Bxd5 Bc5 15. Bxf7+ Kxf7 16. Qd5+ Kg6 17. Be3 Bb4 18. Qf3 Be7 19. Rb6+ Bf6 20. g4 h6 21. Qe4+ Kf7 22. Qc4+ Kg6 23. Rd1 Rf8 24. Qe4+ Kf7 25. Qc4+ Kg6 26. Rd5 Qa3 27. h4 Bxg4 28. Qxg4+ Kh7 29. Rd7 Rfd8 30. Rxf6 Rxd7 31. Qxd7 Qxa2 32. Rxh6+ Kg8 33. Qe6+ Qxe6 34. Rxe6 Rc8 35. Rb6 Rc7 36. Kf1 Kf7 37. Ke2 e4 38. Bd4 1-0

[Event "Ferrol op 31th"]
[Site "Ferrol"]
[Date "2016.07.21"]
[Round "4"]
[White "Sixto Puente, Eloy"]
[Black "Gomez Dieguez, David"]
[Result "1-0"]
[WhiteElo "1878"]
[BlackElo "2186"]
[PlyCount "95"]
[EventDate "2016.07.18"]
[EventType "swiss"]
[EventRounds "9"]
[EventCountry "ESP"]
[SourceTitle "EXT 2024"]
[Source "ChessBase"]
[SourceDate "2023.10.10"]
[SourceVersion "1"]
[SourceVersionDate "2023.10.10"]
[SourceQuality "1"]

1. d4 Nf6 2. c4 c5 3. d5 b5 4. Qc2 d6 5. e4 b4 6. Nf3 e5 7. dxe6 fxe6 8. Be2 Bb7 9. Ng5 Nc6 10. Be3 Qd7 11. Nd2 h6 12. Ngf3 Be7 13. Rd1 Ng4 14. Bf4 0-0 15. Bg3 Bf6 16. Nb3 Nge5 17. Nxc5 Qe7 18. Nxb7 Qxb7 19. Rxd6 Nxf3+ 20. gxf3 Nd4 21. Qd3 e5 22. 0-0 h5 23. h3 h4 24. Bh2 Rfd8 25. Rd5 Qc8 26. Kg2 g5 27. Rc1 Bg7 28. c5 Qe6 29. Rxd8+ Rxd8 30. Qc4 Kf8 31. Qxe6 Nxe6 32. c6 Ke7 33. Rc4 a5 34. a3 bxa3 35. bxa3 Nd4 36. c7 Rc8 37. Rxd4 exd4 38. Ba6 Kd7 39. Bxc8+ Kxc8 40. Kf1 d3 41. Ke1 Bc3+ 42. Kd1 a4 43. Bd6 Kd7 44. e5 Kc8 45. e6 Bf6 46. e7 Bxe7 47. Bxe7 Kxc7 48. Bxg5 1-0

[Event "Lisbon Christmas op"]
[Site "Lisbon"]
[Date "2014.12.30"]
[Round "8"]
[White "Sixto Puente, Eloy"]
[Black "Pinto, Artur Daniel Moreir"]
[Result "1-0"]
[WhiteElo "1786"]
[BlackElo "1544"]
[PlyCount "73"]
[EventDate "2014.12.26"]
[EventType "swiss"]
[EventRounds "9"]
[EventCountry "POR"]
[SourceTitle "EXT 2018"]
[Source "ChessBase"]
[SourceDate "2017.10.13"]
[SourceVersion "1"]
[SourceVersionDate "2017.10.13"]
[SourceQuality "1"]

1. d4 d5 2. c4 e6 3. Nc3 Be7 4. Nf3 Nf6 5. cxd5 exd5 6. Bg5 c6 7. Qc2 0-0 8. e3 h6 9. Bh4 Nbd7 10. Bd3 Ne8 11. Bxe7 Qxe7 12. 0-0 Nd6 13. Rfe1 f5 14. b4 g5 15. Qe2 Ne4 16. Rec1 Qxb4 17. Bxe4 fxe4 18. Nd2 Nf6 19. f3 Qe7 20. Rab1 exf3 21. Nxf3 Bg4 22. Rf1 Ne4 23. Nd1 Rf7 24. Rb3 Raf8 25. Nb2 Bh5 26. Nd3 g4 27. Nde5 Rf5 28. Nd2 Nxd2 29. Rxf5 Nxb3 30. Rxh5 Nc1 31. Qxg4+ Qg7 32. Qd1 Nxa2 33. Rh4 Nc3 34. Qd3 Qh7 35. Rg4+ Kh8 36. Ng6+ Qxg6 37. Rxg6 1-0

[Event "Lisbon Christmas op"]
[Site "Lisbon"]
[Date "2014.12.27"]
[Round "3"]
[White "Pintor, Ariana Maciel Abran"]
[Black "Sixto Puente, Eloy"]
[Result "1-0"]
[WhiteElo "2006"]
[BlackElo "1786"]
[PlyCount "79"]
[EventDate "2014.12.26"]
[EventType "swiss"]
[EventRounds "9"]
[EventCountry "POR"]
[SourceTitle "EXT 2018"]
[Source "ChessBase"]
[SourceDate "2017.10.13"]
[SourceVersion "1"]
[SourceVersionDate "2017.10.13"]
[SourceQuality "1"]

1. e4 c5 2. Nf3 d6 3. d4 cxd4 4. Nxd4 Nf6 5. Nc3 g6 6. g3 Bg7 7. Bg2 0-0 8. 0-0 Nc6 9. Nb3 a5 10. a4 Be6 11. Nd5 Rc8 12. c3 Ne5 13. Nd4 Bxd5 14. exd5 Nfd7 15. Re1 Nc5 16. Bf1 Ncd7 17. Qb3 Nc5 18. Qb5 Qc7 19. f4 Ng4 20. h3 Nf6 21. Bg2 Rfe8 22. Be3 Ncd7 23. Nb3 b6 24. Nd4 e6 25. dxe6 fxe6 26. Bf2 Nf8 27. Rad1 Kh8 28. Nf3 Rb8 29. Ng5 h6 30. Ne4 Nxe4 31. Bxe4 Kh7 32. h4 d5 33. Bxd5 e5 34. Re2 Re7 35. Rde1 Nd7 36. h5 gxh5 37. Qd3+ Kh8 38. Ba2 Nc5 39. Qg6 Rd8 40. fxe5 1-0

[Event "Lisbon Christmas op"]
[Site "Lisbon"]
[Date "2014.12.27"]
[Round "2"]
[White "Sixto Puente, Eloy"]
[Black "Harcaut, Aurelien"]
[Result "1-0"]
[WhiteElo "1786"]
[BlackElo "1545"]
[PlyCount "48"]
[EventDate "2014.12.26"]
[EventType "swiss"]
[EventRounds "9"]
[EventCountry "POR"]
[SourceTitle "EXT 2018"]
[Source "ChessBase"]
[SourceDate "2017.10.13"]
[SourceVersion "1"]
[SourceVersionDate "2017.10.13"]
[SourceQuality "1"]

1. d4 d5 2. Nf3 Nf6 3. c4 e6 4. Nc3 Be7 5. cxd5 exd5 6. Bg5 h6 7. Bh4 0-0 8. Qc2 b6 9. e3 c5 10. Rd1 Bb7 11. Be2 Nbd7 12. 0-0 Rc8 13. Qf5 g6 14. Qb1 Ne4 15. Bxe7 Qxe7 16. Bd3 Kg7 17. Ne2 Rfe8 18. Bb5 c4 19. Nf4 a6 20. Bxd7 Qxd7 21. Ne5 Qd6 22. Nf3 Bc6 23. Qc2 Bd7 24. Qe2 Bb5 1-0

[Event "Arteixo Concello U2200 op 15th"]
[Site "Arteixo"]
[Date "2014.07.26"]
[Round "3.7"]
[White "Sixto Puente, Eloy"]
[Black "Dominguez Fernandez, Santiago"]
[Result "0-1"]
[WhiteElo "1719"]
[BlackElo "1946"]
[PlyCount "84"]
[EventDate "2014.07.25"]
[EventType "swiss"]
[EventRounds "6"]
[EventCountry "ESP"]
[SourceTitle "EXT 2024"]
[Source "ChessBase"]
[SourceDate "2023.10.10"]
[SourceVersion "1"]
[SourceVersionDate "2023.10.10"]
[SourceQuality "1"]

1. d4 d5 2. Nc3 Nf6 3. Bg5 Bf5 4. e3 e6 5. Bd3 Bxd3 6. Qxd3 Be7 7. Nf3 Nbd7 8. 0-0 0-0 9. Rfe1 c5 10. e4 dxe4 11. Nxe4 Nxe4 12. Bxe7 Nxf2 13. Qxh7+ Kxh7 14. Bxd8 Nh3+ 15. gxh3 Raxd8 16. Rad1 cxd4 17. Rxd4 Nf6 18. Red1 Rxd4 19. Rxd4 Rc8 20. c3 Rc5 21. h4 Rd5 22. Rc4 g6 23. Kf2 Kg7 24. Ke2 Rd7 25. Ne5 Re7 26. Rd4 Nh5 27. a4 f6 28. Nc4 e5 29. Rd8 Nf4+ 30. Kf3 Ne6 31. Rb8 Nc5 32. a5 f5 33. Nd6 e4+ 34. Ke2 e3 35. Nc8 Re6 36. b4 Na4 37. Rxb7+ Kf6 38. Rxa7 Nxc3+ 39. Ke1 f4 40. Rc7 Nd5 41. Rc5 Nxb4 42. Rb5 Nc2+ 0-1

[Event "Arteixo Concello U2200 op 15th"]
[Site "Arteixo"]
[Date "2014.07.25"]
[Round "2.6"]
[White "Gomez Segade, Pablo"]
[Black "Sixto Puente, Eloy"]
[Result "1-0"]
[WhiteElo "1989"]
[BlackElo "1719"]
[PlyCount "137"]
[EventDate "2014.07.25"]
[EventType "swiss"]
[EventRounds "6"]
[EventCountry "ESP"]
[SourceTitle "EXT 2024"]
[Source "ChessBase"]
[SourceDate "2023.10.10"]
[SourceVersion "1"]
[SourceVersionDate "2023.10.10"]
[SourceQuality "1"]

1. d4 Nf6 2. Nf3 e6 3. c4 d5 4. Nc3 Nbd7 5. cxd5 exd5 6. g3 c6 7. Bg2 Bd6 8. 0-0 0-0 9. a3 Re8 10. Bg5 h6 11. Bf4 Bxf4 12. gxf4 Nf8 13. Ne5 Bf5 14. b4 a6 15. Rc1 Ng6 16. Nxg6 Bxg6 17. e3 Qd7 18. Kh1 Bh5 19. Bf3 Bxf3+ 20. Qxf3 Qg4 21. Qxg4 Nxg4 22. Na4 Nf6 23. Nc5 Rab8 24. Kg2 Ne4 25. Rfd1 Re7 26. Rd3 Nd6 27. Nb3 Nc4 28. Na5 Nd6 29. Nb3 Nc4 30. Nd2 Nxd2 31. Rxd2 f5 32. Rb2 Kf7 33. a4 Ra8 34. b5 axb5 35. axb5 Rc7 36. Rbc2 Rac8 37. b6 Rd7 38. Ra1 Ke7 39. Ra5 Rdd8 40. Ra7 Rd7 41. Kf3 Kd6 42. Rc5 Rb8 43. h4 Re7 44. Rc1 Rf7 45. Rg1 Kd7 46. Rg6 Ke7 47. Ke2 Kf8 48. Kd3 Rf6 49. Rg1 Rf7 50. Kc3 Rd7 51. Kb4 Kf7 52. Kc5 Rdd8 53. h5 Rg8 54. Rg6 Rgc8 55. f3 Kf8 56. Re6 Kf7 57. Rg6 Kf8 58. Kd6 Rd8+ 59. Ke5 Kf7 60. Kxf5 Rd7 61. e4 dxe4 62. fxe4 Rxd4 63. Rxc6 Rb4 64. Rc7+ Kf8 65. Rcxb7 Rxb7 66. Rxb7 Rb5+ 67. e5 Rc5 68. Rc7 Rc6 69. Rxc6 1-0